LEADER 00958nam0-22003251i-450- 001 990006892410403321 005 20050926134530.0 010 $a0-521-42442-9 035 $a000689241 035 $aFED01000689241 035 $a(Aleph)000689241FED01 035 $a000689241 100 $a20010426d--------km-y0itay50------ba 101 0 $aita 105 $ay-------001yy 200 1 $aFrom etymology to pragmatics$emetaphorical and cultural aspects of semantic structure$fEve Sweetser. 210 $aCambridge$cCambridge University Press$dc 1990. 215 $a174 p.$d24 cm 225 1 $aCambridge studies in linguistics$v54 610 0 $aSemantica 610 0 $aGrammatica 676 $a401.43 700 1$aSweetser,$bEve$0132482 801 0$aIT$bUNINA$gRICA$2UNIMARC 901 $aBK 912 $a990006892410403321 952 $aCollez. 2064 (54)$b34277$fFSPBC 959 $aFSPBC 996 $aFROM ETYMOLOGY TO PRAGMATICS$9442425 997 $aUNINA LEADER 00976nam--2200349---450- 001 990001575030203316 005 20051201124529.0 035 $a000157503 035 $aUSA01000157503 035 $a(ALEPH)000157503USA01 035 $a000157503 100 $a20040416d1929----km-y0itay0103----ba 101 $afre 102 $aFR 105 $a||||||||001yy 200 1 $aFernand Leger$fWaldemar George 210 $aParis$cGallimard$d1929 215 $a63 p.$cill.$d16 cm 225 $a<> Peintres Nouveaux$v36 410 0$12001$a<> Peintres Nouveaux$v36 454 1$12001 461 1$1001-------$12001 700 1$aGEORGE,$bWaldemar$0432530 801 0$bsalbc$gISBD 912 $a990001575030203316 951 $aXII.2.C. 204(VII-Coll. A-35/36)$b51159 L.M.$cVII-Coll. 959 $aBK 969 $aUMA 979 $aSIAV7$b10$c20040416$lUSA01$h1645 979 $aCOPAT6$b90$c20051201$lUSA01$h1245 996 $aFernand Leger$9938284 997 $aUNISA